Statistiques concernant Voc allemand - Langue

Cliquez ici pour prendre le quiz!

Statistiques générales

  • Ce quiz a été pris 17 fois
    (11 depuis la dernière actualisation)
  • Le résultat moyen est 43 sur 159

Statistiques - réponses

HintRéponse% Correct
SagenDire
88%
EigentlichEn fait / à vrai dire / au juste
88%
Sprechen / redenParler
88%
Als obComme si
75%
DiskutierenDiscuter
75%
InformierenInformer
75%
Die Sprache, -nLa langue / le langage
75%
Die MutterspracheLa langue maternelle
75%
ObSi
75%
DochSi / néanmoins / pourtant
75%
TelefonierenTéléphoner
75%
VerstehenComprendre
63%
FragenDemander
63%
Die Antwort, -enLa réponse
63%
Das Wort, ¨-erLe mot
63%
WiederholenRépéter
63%
Nur / erstSeulement
63%
RufenAppeler
50%
ZuhörenEcouter
50%
Die Fremdspache, -nLa langue étrangère
50%
Der Satz, ¨-eLa phrase
50%
Die PostLa poste
50%
Der Anruf, -eL'appel
50%
Der ArtikelL'article
50%
Die Silbe, -nLa syllabe
50%
Die Wahrheit, -enLa vérité
50%
Die Tabelle, -nLe barème / le classement / le tableau
50%
Das Postamt, ¨-erLe bureau de poste
50%
Das Wörterbuch, ¨-erLe dictionnaire
50%
Die Schlagzeile, -nLe gros titre
50%
Der LeserLe lecteur
50%
Die E-Mail, sL'e-mail
50%
Der TitelLe titre
50%
AbonnierenS'abonner
50%
UnterschreibenSigner
50%
BedeutenSignifier
50%
ÜbersetzenTraduire
50%
SelbstverständlichBien sûr / évident
38%
SchreienCrier
38%
SchickenEnvoyer
38%
Der Brief, -e / das Schreiben | Der Buchstabe, -nLa lettre
38%
Die Zeile, -nLa ligne
38%
Die Nachricht, -enLa nouvelle
38%
Die Seite, -nLa page
38%
Der Apparat, -eL'appareil
38%
Die Unterschrift, -enLa signature
38%
Das Komma, -sLa virgule
38%
Die Stimme, -nLa voix
38%
Das KapitelLe chapitre
38%
Die Zeitung, -enLe journal
38%
Der Punkts, -eLe point
38%
Das Geheimnis, -seLe secret
38%
Die Briefmarke, -nLe timbre
38%
LügenMentir
38%
DeutlichNette(ment) / claire(ment)
38%
Veröffentlichen / bekannt gebenPublier
38%
Still sein / SchweigenSe taire
38%
EhrlichSincère(ment)
38%
TippenTaper
38%
WahrVrai(ment)
38%
FlüsternChuchoter
25%
BeschriebenDécrire
25%
GanzEntièrement / absolument / complètement
25%
BuchstabierenÉpeler
25%
MitteilenFaire savoir / communiquer
25%
Der Briefkasten, "La boîte aux lettres
25%
Das RätselLa devinette / l'énigme
25%
Der Gruss, ¨-eLa salutation
25%
Die Schrift, -enL'écriture
25%
Die Rede, -nLe discours
25%
Das Taschenbuch, ¨-erLe livre de poche
25%
Das AusrufezeichenLe point d’exclamation
25%
Das FragezeichenLe point d'interrogation
25%
Der Bericht, -eLe rapport
25%
Der Zusammenhang, ¨-eLe rapport / la cohérence
25%
Die Zusammenfassung, -enLe résumé
25%
Der Doppelpunkt, -eLes deux-points
25%
Der AbsenderL'expéditeur
25%
Der Ausdruck, ¨-eL'expression
25%
Der DolmetscherL'interprète / le traducteur
25%
SogarMême
25%
ÜberhauptNe pas du tout / en somme
25%
ErzählenRaconter
25%
GrüssenSaluer
25%
MerkenS'apercevoir / se rendre compte / remarquer
25%
(Sich) wundern / staunenS'étonner / s'émerveiller
25%
VerschweigenTaire / cacher
25%
ErfahrenApprendre / subir
13%
BestimmtCertainement / sûrement
13%
VölligComplètement
13%
BestätigenConfirmer
13%
RatenDeviner
13%
UnterbrechenInterrompre
13%
Der Bücherschrank, ¨-eLa bibliothèque
13%
Die Betonung, -enL'accent
13%
Der Vortrag, ¨-eLa conférence
13%
Die Verbindung, -enLa connexion / le contact
13%
Die Unterhaltung, -enLa conversation
13%
Die Buchhandlung, -enLa librairie
13%
Die Notiz, -enLa note
13%
Die Darstellung, -enLa présentation
13%
Die Zeitschrift, -enLa revue
13%
Der Schreibtisch, -e / das Pult, -eLe bureau
13%
Die Postleitzahl, -enLe code postal
13%
Der Begriff, -eLe concept
13%
Der Inhalt, -eLe contenu
13%
Der Bleistift, -eLe crayon
13%
Der EmpfängerLe destinataire
13%
Der BriefträgerLe facteur
13%
Das Gespräch, -e / die Besprechung, -enL'entretien / la réunion
13%
Der Brifumschlag, ¨-e / Das Kuvert, -sL'enveloppe
13%
Der Abschnitt, -eLe passage / la partie
13%
Das Semikolon, -sLe point-virgule
13%
Der AnrufbeantworterLe répondeur
13%
Die KenntnisseLes connaissances
13%
Der KugelschreiberLe stylo à bille
13%
Der Bindestrich, -eLe trait d'union
13%
Das Referat, -eL'exposé
13%
Der Druck, -eL'impression
13%
Die Vorwahl, -enL'indicatif
13%
Der Hinweis, -e / Der Tipp, -sL'indication / le renseignement
13%
Weder... nochNi... ni
13%
AufschreibenNoter
13%
MündlichOral
13%
BesondersParticulièrement
13%
KopierenPhotocopier
13%
AussprechenPrononcer / exprimer
13%
Sich unterhaltenS'entretenir
13%
ZugebenAvouer
0%
ÜbrigensD'ailleurs
0%
AusführlichDétaillé / en détail
0%
FestFermement
0%
Die Telefonzelle, -nLa cabine téléphonique
0%
Der ZettelLa fiche
0%
Die Verhandlung, -enLa négociation
0%
Die List, -enLa ruse
0%
Das HörerL'auditeur / le combiné
0%
Das Gerücht, -eLe bruit / la rumeur
0%
Der StempelLe cachet
0%
Die Enzelheit, -enLe détail
0%
Das AnführungszeichenLe guillemet
0%
Das Handy, -sLe portable
0%
Der Vorwand, ¨-eLe prétexte
0%
Das EinschreibenLe recommandé
0%
Die Auskunft, ¨-eLe renseignement
0%
Die ÜbertreibungL'exagération
0%
Die Ausrede, -nL'excuse
0%
Die Drucksache, -nL'imprimé
0%
ErwähnenMentionner / évoquer
0%
StummMuet
0%
LeugnenNier / dénier
0%
BesetztOccupé
0%
ErscheinenParaître
0%
BenachrichtigenPrévenir / avertir
0%
VerratenRévéler / trahir / déceler
0%
Sich erkundigenSe renseigner
0%
BetrügenTricher / frauder / duper
0%
SchlagfertigVif / du tac au tac / prêt à riposter
0%

Distribution des résultats

Percentile par nombre de réponses

% des personnes avec chaque résultat

Votre développement - résultats

Vous n’avez pas pris ce quiz depuis la dernière actualisation